|
|
|
|
| LEADER |
00000ny a22000003n 4500 |
| 005 |
20110524114912.0 |
| 008 |
060327s2005 sp s 000 0 spa c |
| 017 |
|
|
|a D.L. SE.6536-2005
|
| 020 |
|
|
|a 8497727940
|
| 035 |
|
|
|a 1395
|
| 040 |
|
|
|a ULL
|d vLex
|
| 040 |
|
|
|a UMA.RE
|d vLex
|
| 080 |
|
|
|a 343.55
|
| 090 |
|
|
|c 204
|d 204
|
| 100 |
1 |
|
|a Domn̕guez Izquierdo, Eva Mara̕
|
| 245 |
1 |
4 |
|a Las figuras de abandono de familia en sentido estricto
|h [Recurso electrn̤ico]
|c Eva M® Domn̕guez Izquierdo
|
| 256 |
|
|
|a Servicio en ln̕ea
|
| 260 |
|
|
|a Madrid :
|b Dykinson,
|c 2005
|
| 300 |
|
|
|a 177 p. ;
|c 20 cm
|
| 504 |
|
|
|a Bibliogr.: p. 193-197
|
| 506 |
1 |
|
|a Contenido solo disponible en los productos indicados
|d vLex Global
|d vLex Global (Academic Edition, excluding Law Schools)
|d vLex Global (U.S. Academic Edition, Law Schools)
|d vLex Global (U.S. Academic Edition, excluding Law Schools)
|d vLex Global (Academic Edition, Law Schools)
|
| 650 |
0 |
7 |
|a Penal
|2 Tesauro vLex
|
| 650 |
0 |
7 |
|a Imputado
|2 Tesauro vLex
|
| 650 |
0 |
7 |
|a Abandono de familia
|2 Tesauro vLex
|
| 650 |
0 |
7 |
|a Delitos contra las relaciones familiares
|2 Tesauro vLex
|
| 740 |
0 |
|
|a vLex Libros (Servicios en ln̕ea)
|
| 856 |
4 |
0 |
|u http://vlex.com/source/1395
|z Acceso restringido
|
| 942 |
|
|
|c BOOK
|
| 999 |
0 |
|
|a Criminal Law
|b Madrid
|